000
00183 a2200097 4500
020
_a
9780836865493
041
_a
spa
100
_a
Joann Early Macken
245
_a
Desiertos
942
_c
BK
999
_c
1715
_d
1715